New Hampshire High School Mascots - Statistics

General Stats
  • This quiz has been taken 42 times
  • The average score is 13 of 30
Answer Stats
Hint Answer % Correct
Bedford Bulldogs
69%
Salem Blue Devils
60%
Bishop Guertin Cardinals
60%
Nashua South Panthers
60%
Pittsfield Panthers
60%
Londonderry Lancers
57%
Nashua North Titans
57%
Pinkerton Astros
54%
Merrimack Tomahawks
54%
Goffstown Grizzlies
51%
Alvirne Broncos
49%
Concord Crimson Tide
49%
Manchester Memorial Crusaders
46%
Bow Falcons
46%
Windham Jaguars
46%
Manchester Central Little Green
43%
Manchester West Blue Knights
40%
John Stark Generals
40%
Souhegan Sabers
40%
Pembroke Spartans
40%
Milford Spartans
40%
ConVal Cougars
37%
Campbell Cougars
37%
Trinity Pioneers
37%
Pelham Pythons
34%
Bishop Brady Giants
31%
Hollis-Brookline Cavaliers
26%
Merrimack Valley Pride
26%
Franklin Golden Tornadoes
3%
Hillsboro-Deering Hillcats
3%
No matching quizzes found
Score Distribution
Percent of People with Each Score
Percentile by Number Answered
Your Score History
You have not taken this quiz